000 00991nam a2200265 a 4500
001 000015960
005 20250502073819.0
008 100222s1985 dr r 001 0 spa d
040 _aDO-SdBNP
_bspa
_cBNPHU
082 _a372. 832
_bM839l
100 1 _aMorel, Apolinar A.
_935858
245 1 0 _aLecciones de instrucción moral y cívica /
_cApolinar A. Morel, Andrés B. Perozo ; editor Raymundo Amaro Guzmán ; prólogo Jaime Viñas Román.
260 _aSanto Domingo :
_bONAP,
_c1985.
300 _a103 p. ;
_c20 cm.
490 1 _aEstudios juridícos
_v34
490 1 _aONAP
650 4 _aEducacion moral
_xEnseñanza
_935859
650 4 _aEducación cívica
_xEnsenanza
_935860
700 1 _aPerozo, Andrés B.
_935861
700 1 _aAmaro Guzmán, Raymundo
_eed.
_9656
700 1 _aViñas Román, Jaime,
_epról.
_935862
710 1 _aRepública Dominicana.
_bOficina Nacional de Administración y Personal
_926398
830 0 _aEstudios juridícos
_n34
_935864
830 _aONAP
_910860
999 _c15502
_d15502